Chicken soup for the soul older and wiser: (Record no. 37412)
[ view plain ]
| 000 -LEADER | |
|---|---|
| fixed length control field | 03408nam a22004217a 4500 |
| 005 - DATE AND TIME OF LATEST TRANSACTION | |
| control field | 20100723145225.0 |
| 010 ## - LCCN (DPL NO) | |
| LC control number | ENG-96545 B-423941-953 |
| 020 ## - INTERNATIONAL STANDARD BOOK NUMBER | |
| International Standard Book Number | 9789380283937 |
| Terms of availability | 295.00 |
| 035 ## - SYSTEM CONTROL NUMBER | |
| System control number | EN-80078 |
| 035 ## - SYSTEM CONTROL NUMBER | |
| System control number | B-423941-953 |
| 037 ## - SOURCE OF ACQUISITION | |
| Source of stock number/acquisition | DBAD/PUB |
| 037 ## - SOURCE OF ACQUISITION | |
| Source of stock number/acquisition | Researchco Book Centre |
| 082 ## - DEWEY DECIMAL CLASSIFICATION NUMBER | |
| Classification number | S |
| 100 ## - MAIN ENTRY--PERSONAL NAME | |
| Personal name | Canfield, Jack |
| 245 ## - TITLE STATEMENT | |
| Title | Chicken soup for the soul older and wiser: |
| Statement of responsibility, etc | by Jack Canfield [and] Mark Victor Hansen; edited by Amy Newmark |
| Remainder of title | stories of inspiration humor, and wisdom about life at a certain age / |
| 260 ## - PUBLICATION, DISTRIBUTION, ETC. (IMPRINT) | |
| Place of publication, distribution, etc | New Delhi |
| Name of publisher, distributor, etc | Westland |
| Date of publication, distribution, etc | 2008 |
| 270 ## - ADDRESS | |
| Address | Tenkat Towers, Old No. 307, P. H. Road, Maduravoyal, Chennai-600095 |
| City | Chennai |
| 300 ## - PHYSICAL DESCRIPTION | |
| Extent | xii, 411p. |
| Dimensions | 21cm (pbk) |
| 700 ## - ADDED ENTRY--PERSONAL NAME | |
| Personal name | Hansen, Mark Victor |
| 9 (RLIN) | 865 |
| 700 ## - ADDED ENTRY--PERSONAL NAME | |
| Personal name | Newmark, amy |
| 9 (RLIN) | 1026 |
| 700 ## - ADDED ENTRY--PERSONAL NAME | |
| Personal name | Newmark, Amy |
| 9 (RLIN) | 1026 |
| 942 ## - ADDED ENTRY ELEMENTS (KOHA) | |
| Source of classification or shelving scheme | Dewey Decimal Classification |
| Item type | English Books |
| Call number suffix | CAN |
| Classification part | S |
| Withdrawn status | Lost status | Not for loan | Collection code | Home library | Current library | Date acquired | Source of acquisition | Cost, normal purchase price | Full call number | Barcode | Copy number | Cost, replacement price | Koha item type |
|---|---|---|---|---|---|---|---|---|---|---|---|---|---|
| Written-off vide DLB M. No. 383 dt 16.05.19 | Non-fiction | Central Library | Central Library | 08/08/2011 | Researchco Book Centre/RBC-22385/2011-12/14.3.11/76/4.3.11/21.3.11 | 295.00 | S CAN | B-423941 | 2 | 295.00 | English Books | ||
| Non-fiction | Central Library | Central Library | 08/08/2011 | Researchco Book Centre/RBC-22385/2011-12/14.3.11/76/4.3.11/21.3.11 | 295.00 | S CAN | B-423942 | 2 | 295.00 | English Books | |||
| Not For Loan | Non-fiction | D.B.Act.Division | D.B.Act.Division | 23/07/2010 | Westland | 295.00 | CAN | EN-80078 | 1 | 295.00 | English Books | ||
| Non-fiction | Katevara | Karol Bagh | 08/08/2011 | Researchco Book Centre/RBC-22385/2011-12/14.3.11/76/4.3.11/21.3.11 | 295.00 | S CAN | B-423951 | 1 | 295.00 | English Books | |||
| Non-fiction | Mobile Library | Mobile Library | 08/08/2011 | Researchco Book Centre/RBC-22385/2011-12/14.3.11/76/4.3.11/21.3.11 | 295.00 | S CAN | B-423943 | 5 | 295.00 | English Books | |||
| Non-fiction | Mobile Library | Mobile Library | 08/08/2011 | Researchco Book Centre/RBC-22385/2011-12/14.3.11/76/4.3.11/21.3.11 | 295.00 | S CAN | B-423944 | 5 | 295.00 | English Books | |||
| Non-fiction | Mobile Library | Mobile Library | 08/08/2011 | Researchco Book Centre/RBC-22385/2011-12/14.3.11/76/4.3.11/21.3.11 | 295.00 | S CAN | B-423945 | 5 | 295.00 | English Books | |||
| Non-fiction | Mobile Library | Mobile Library | 08/08/2011 | Researchco Book Centre/RBC-22385/2011-12/14.3.11/76/4.3.11/21.3.11 | 295.00 | S CAN | B-423946 | 5 | 295.00 | English Books | |||
| Non-fiction | Mobile Library | Mobile Library | 08/08/2011 | Researchco Book Centre/RBC-22385/2011-12/14.3.11/76/4.3.11/21.3.11 | 295.00 | S CAN | B-423947 | 5 | 295.00 | English Books | |||
| Non-fiction | Patel Nagar | Patel Nagar | 08/08/2011 | Researchco Book Centre/RBC-22385/2011-12/14.3.11/76/4.3.11/21.3.11 | 295.00 | S CAN | B-423948 | 1 | 295.00 | English Books | |||
| Non-fiction | R.K.Puram-8 | R.K.Puram-8 | 08/08/2011 | Researchco Book Centre/RBC-22385/2011-12/14.3.11/76/4.3.11/21.3.11 | 295.00 | S CAN | B-423950 | 1 | 295.00 | English Books | |||
| Written-off vide DLB M. No. 383 dt 16.05.19 | Non-fiction | Sarojini Nagar | Sarojini Nagar | 08/08/2011 | Researchco Book Centre/RBC-22385/2011-12/14.3.11/76/4.3.11/21.3.11 | 295.00 | S CAN | B-423949 | 1 | 295.00 | English Books | ||
| Non-fiction | Shahdara Branch | Shahdara Branch | 08/08/2011 | Researchco Book Centre/RBC-22385/2011-12/14.3.11/76/4.3.11/21.3.11 | 295.00 | S CAN | B-423952 | 1 | 295.00 | English Books | |||
| Non-fiction | Yojana Vihar | Yojana Vihar | 08/08/2011 | Researchco Book Centre/RBC-22385/2011-12/14.3.11/76/4.3.11/21.3.11 | 295.00 | S CAN | B-423953 | 1 | 295.00 | English Books |
